000 00337nam a2200157Ia 4500
003 OSt
005 20240311143632.0
008 170524s9999 xx 000 0 und d
020 _aNIL
040 _cIIMTU MEERUT
100 _aKirpal- aruna
245 0 _aDadi Maa ki rasoi
260 _bValue books
260 _c2000
942 _2ddc
_c02
999 _c7481
_d7481